LEADER 01214nam--2200373---450- 001 990005898910203316 005 20131018133504.0 010 $a978-1-84946-280-8 035 $a000589891 035 $aUSA01000589891 035 $a(ALEPH)000589891USA01 035 $a000589891 100 $a20131018d2013----km-y0itay50------ba 101 $aeng 102 $aGB 105 $a||||||||001yy 200 1 $aInternational surrogacy arrangements$elegal regulation at the international level$fedited by Katarina Trimming and Paul Beaumunt 210 $aOxford and Portland$cHart$d2013 215 $aIX, 559 p.$d24 cm 225 2 $aStudies in private international law 410 0$aStudies in private international law 610 $aFecondazione artificiale$xDiritto internazionale privato 676 $a340.9171 702 1$aTRIMMING,$bKatarina 702 1$aBEAUMONT,$bPaul 801 0$aIT$bsalbc$gISBD 912 $a990005898910203316 951 $aXXIII.3.D. 95$b78042 G.$cXXIII.3.D.$d00343608 959 $aBK 969 $aGIU 979 $aCHIARA$b90$c20131018$lUSA01$h1133 979 $aCHIARA$b90$c20131018$lUSA01$h1335 996 $aInternational surrogacy arrangements$91075258 997 $aUNISA